APUSH Period 1: Chapter 1 - Statistics

General Stats
  • This quiz has been taken 61 times
  • The average score is 7 of 20
Answer Stats
Hint Terms % Correct
The religion that believes in that Jesus Christ is divine Christianity
74%
A series of Holy Wars, started by Christians to curb to Muslim advance in Europe Crusades
74%
Genoan mariner who sailed the Atlantic Ocean for Spain and "discovered" the New World Christopher Columbus
66%
A German monk and professor that would critique the Catholic Church Martin Luther
58%
Spanish leader who conquered the Aztec Empire Hernan Cortes
53%
The 10th emperor of Mali, devalued money on his pilgrimage to Mecca Mansa Musa
53%
System where property and social identity descended in male family lines Patriarchy
53%
A split inside the Catholic Church, started by Martin Luther Protestant Reformation
45%
Belief that the natural world was animated by spiritual forces Animism
37%
The idea that God chooses people for salvation before they are born Predestination
37%
A Portuguese mariner who was able to sail around South Africa and into India Vasco de Gama
29%
The practice where fathers would give all assets to their eldest son Primogeniture
26%
Doctrines that were deemed as inconsistent with the church Heresy
21%
1300-1450, large amount of cultural transformation Renaissance
21%
Something demanded from people under subjectation, comparable to taxes Tribute
18%
The emperor of the Aztec Empire Moctezuma
16%
States without a prince or king, governed by merchant coalitions Republic
8%
Ideology which praised public virtue and service to the state Civic Humanism
3%
A Mowhak Man, lost his family to war, met a spirit who taught him condolence rituals, became foundation of Iroqouis Confederacy Hiawatha
3%
Portuguese commander who sailed and found Brazil Pedro Alvares Cabral
3%
No matching quizzes found
Score Distribution
Percent of People with Each Score
Percentile by Number Answered
Your Score History
You have not taken this quiz